000 01347cad a22002295a 4500
001 L146764
008 110527s2009 xxkad f v 000 0 eng d
035 _a(Sirsi) u146764
041 _aeng
050 0 4 _a346.4104342 $2 18
100 1 _aCalvert, John
245 0 0 _aService charge study update 2008
_h[electronic resource]
260 _aLoughborough
_bLoughborough University Enterprises
_c2009
520 _aFinds that tenants are paying for services, sometimes at a high cost, and some are receiving a quality of delivery which represents poor value for money. Expresses disappointment that there is still little evidence of improvement in service delivery and compliance with the 2007 RICS 'Code of Practice for Service Charges in Commercial Property'. Estimates it will take up to five years before substantial headway towards compliance is seen in the sector.
590 _aKA NTK
650 2 4 _aLOUGHBOROUGH REPORT ON COMMERCIAL PROPERTY SERVICE CHARGES
651 4 _aUnited Kingdom
_y
690 _aPROPERTY-COMMERCIAL PROPERTY-OFFICE PROPERTY-OFFICES
690 _aPROPERTY-COMMERCIAL PROPERTY-COMMERCIAL LANDLORD AND TENANT-COMMERCIAL SERVICE CHARGES
856 4 0 _uhttps://www.property-solutions.co.uk/site_media/uploads/2008_loughborough_report.pdf
_zView the item free of charge at www.property-solutions.co.uk
942 _n0
999 _c109285
_d109285